Harry Potter - Statistics

General Stats
  • This quiz has been taken 24 times
  • The average score is 12 of 15
Answer Stats
Hint Answer % Correct
Main character Harry potter
100%
Pet owl of main character Hedwig
100%
Female friend to main character Hermione granger
100%
Father to main character James potter
100%
Mother to main character Lily potter
100%
Professor who turns into a werewolf Remus lupin
100%
Male friend to main character Ron weasley
100%
Guardian of main character and can transform into a dog Sirius black
100%
Professor of academy Albus dumbledore
95%
Name of academy Hogwarts
95%
Boy who injures himself on his broomstick Neville longbottom
65%
Pet of main professor Phoenix
50%
Professor of dark arts Severus Snape
45%
Elf that saves harry Dobby the house elf
20%
Old female professor begins with M Minerva mcgonagell
5%
No matching quizzes found
Score Distribution
Percent of People with Each Score
Percentile by Number Answered
Your Score History
You have not taken this quiz